000 00208nam a22000857a 4500
008 170601b xxu||||| |||| 00| 0 eng d
100 _93200
_aBerry. N
245 _aThe Story of Time
260 _aNew Delhi
_bCBT
_c2001
999 _c6512
_d6512